01470nam a22003497a 4500001000700000003000900007005001700016007000700033008002800040020001800068040002200086082002900108100003200137245016900169260003700338300003000375500006100405500007400466500000600540504003200546590002600578600005900604650001300663650001400676650002100690700004200711910004000753942001200793952014600805952015200951999001701103000513DO-SdBNP20231103072533.0000513160902b2009 ck 00| 0 spa d a9789705804441 aBPMSUbspacBPMSU 4a306.85 bV182c 20092221 aVallejo Valencia, Marianela10aConstelaciones familiares : bpara liberar la energía del amor y de la vida /cMarianela Vallejo Valencia ; con la colaboración de Catalina Forero de Francisco. aMéxico : bAguilar, c2009.b  a272 p. : bil. ; c24 cm. aIncluye datos de la autora en la solapa de la cubierta. aIncluye referencias bibliográficas y notas al pie de las páginas  a  aBibliografía : p. 269-272 aInventariado, 2023/VM142ellinger, Bert, d1925xCrítica e interpretación  4aFamilia  4aFelicidad 4aVida espiritual.1 aForero de Francisco, Catalina, ecol. aVMateo V. Control de calidad, BPMSU 2ddccBK 00102ddc40708CGaBPMETbBPMETd2016-09-19eAlfaguarafAfaguara l0oBPMSU CG 306.85 V182c 2009pBPMSU16090408r2016-09-19w2016-09-19yBK 00102ddc40708CGaBPMETbBPMETd2016-09-19eAlfaguarafDonaciónl0oBPMSU CG 306.85 V182c 2009pBPMSU16090409r2016-09-19te.2w2016-09-19yBK c11450d11450